000 00414nam a2200133Ia 4500
003 GCL
008 140319s9999 xx 000 0 ara d
040 _aGCL /
_cGCL
082 0 4 _aم
_b235
_bب ك
245 1 0 _aالكتب السته وشروحها: صحيح البخارى
260 _a[S.N] :
_bدار سجنون ،
_c1992
300 _aمتعدد
490 _aموسوعة العامرى للالكترونيات
_v0
999 _c59304
_d59304